| 000 | 00527nam a22001577a 4500 | ||
|---|---|---|---|
| 008 | 160323b xxu||||| |||| 00| 0 eng d | ||
| 020 | _a0 435 18656-6 | ||
| 050 | _aPN2596.L7N33 | ||
| 100 |
_aNational theatre (Great Britain) _923294 |
||
| 245 |
_aThe complete guide to Britain's national theatre _c/National theatre |
||
| 260 |
_aSurrey _bHeinemann Educational Books Ltd _c1977 |
||
| 300 |
_a58p. ; _c24cm. |
||
| 650 |
_aNational theatre (Great Britain) _923294 |
||
| 710 |
_aLyn, Haill _eed. _923295 |
||
| 942 |
_2lcc _cMONOGRAPH |
||
| 999 |
_c124466 _d124466 |
||